| 000 | 00950nam a2200217Ia 4500 | ||
|---|---|---|---|
| 001 | 250 | ||
| 003 | GE_BSU | ||
| 008 | 181216s||||||||xx |||||||||||||| ||und|| | ||
| 040 | _cGE_BSU | ||
| 080 | _a811.14'06=811.353.1 | ||
| 245 | _aახალბერძნულ-ქართული ლექსიკონი | ||
| 245 | _bივანე ჯავახიშვილის სახ.თბილისის სახ.უნ-ტი. კლასიკური ფილოგიის, ბიზანტინისტიკის და ნეოგრეცისტიკის ინ-ტი. | ||
| 245 | _cრედ. სოფიო შამანიდი | ||
| 260 | _aთბილისი | ||
| 260 | _c2009 | ||
| 300 | _a1254 გვ.28 სმ. | ||
| 541 | _h40 ლ. | ||
| 653 | _aახალბერძნულ-ქართული ლექსიკონი | ||
| 653 | _aლექსიკონი | ||
| 942 | _cBK | ||
| 999 |
_c34501 _d34501 |
||